DAHİLER SINIFI (Record no. 983012)

MARC details
000 -LEADER
sabit uzunluktaki kontrol alanı 00236nam a2200097Ia 4500
001 - KONTROL NUMARASI
kontrol alanı 983012
005 - EN SON İŞLEMİN TARİH VE ZAMANI
kontrol alanı 20250826220957.0
008 - SABİT-UZUNLUKTA VERİ ÖĞELERİ--GENEL BİLGİ
sabit uzunluktaki kontrol alanı 250824s9999 xx 000 0 und d
245 #0 - ESER / YAZAR
ESER ADI DAHİLER SINIFI
Yazar Adı DANİELE ARİSTARCO
260 ## - YAYIN, DAĞITIM, VB.
YAYIN EVİ DOMİNGO
Holdings
Düşüm durumu Kayıp durumu Hasar Durumu Ödünç verilmez Ana kütüphane Geçerli Kütüphane Edinilen tarih Toplam ödünç verme sayısı Barkod Son görüntüleme tarihi Son ödünç verme tarihi Fiyatın geçerli olmaya başladığı tarih Koha materyal türü
        ŞÜKRİYE ONSUN İLKOKULU ŞÜKRİYE ONSUN İLKOKULU 24.08.2025 1 10154508 15.01.2026 07.01.2026 26.08.2025 Books